Remeselné techniky malý slovensko-maďarský slovník pojmov a fráz

Bibliographic Details
Format: Book
Language:Slovak
Hungarian
PhysicalDescription:24, 24 nečíslovaných strán fotografie 15 cm
Published: Rožňava Gemerské osvetové stredisko [2021]
ISBN:9788097247782
Subjects:

MARC

LEADER 00000nam a2200000 4500
001 vtls012077424
003 SK-MaSNL
005 20260301104355.0
008 211115s2021 xo o e d 000 0 slo
015 |a SNBA2022/02 
020 |a 9788097247782  |q (hrebeňová väzba) 
040 |a SNK  |b slo  |c SNK  |e rda 
041 0 |a slo  |a hun 
044 |a xo  |c SK 
072 7 |a 81  |x Lingvistika. Jazyky  |2 konspekt 
072 7 |a 67/68  |x Remeslá. Rôzne odvetvia priemyslu  |2 konspekt 
080 |a 67/68  |2 2011 
080 |a 67/68.02  |2 2011 
080 |a 811.162.4  |2 2011 
080 |a 811.511.141  |2 2011 
080 |a 81'374.8-022.215  |2 2011 
080 |a 81'373.46  |2 2011 
080 |a (038)81  |2 2011 
245 0 0 |a Remeselné techniky  |b malý slovensko-maďarský slovník pojmov a fráz 
246 3 1 |a Népi kézműves technikák 
264 1 |a Rožňava  |b Gemerské osvetové stredisko  |c [2021] 
264 4 |a ©2021 
300 |a 24, 24 nečíslovaných strán  |b fotografie  |c 15 cm 
336 |a text  |b txt  |2 rdacontent 
336 |a statický obraz  |b sti  |2 rdacontent 
337 |a bez média  |b n  |2 rdamedia 
338 |a zväzok  |b nc  |2 rdacarrier 
366 |e 400 kusov 
500 |a Tlačené zvratmo 
650 0 7 |a remeslá  |2 SNKPH  |9 4998 
650 0 7 |a remeselnícke práce  |2 SNKPH  |9 78057 
650 0 7 |a odborová terminológia  |2 SNKPH  |9 78225 
650 0 7 |a slovenčina  |2 SNKPH  |9 1350 
650 0 7 |a maďarčina  |2 SNKPH  |9 1492 
650 0 7 |a Handicrafts  |2 SNKPHeng  |9 270743 
650 0 7 |a Workmanship  |2 SNKPHeng  |9 429355 
650 0 7 |a Slovak language  |2 SNKPHeng  |9 266031 
650 0 7 |a Hungarian language  |2 SNKPHeng  |9 266361 
650 0 7 |a Terminology (professional)  |2 SNKPHeng  |9 90966 
655 7 |a dvojjazyčné prekladové slovníky  |2 SNKPH  |9 70744 
655 7 |a terminologické slovníky  |2 SNKPH  |9 70504 
655 7 |a Bilingual translation dictionaries  |2 SNKPHeng  |9 287935 
655 7 |a Terminological dictionaries  |2 SNKPHeng  |9 90728 
919 |a 978-80-972477-8-2 
999 |c 697948  |d 699878 
952 |a SNK  |b SNK  |y PREZ  |7 0  |p 17A1469102  |o snkOSE 5474  |i snk2021/18246  |8 0  |0 0  |1 0  |4 0  |d 2021-11-15  |l 0  |r 2026-02-23 20:47:50  |w 2026-02-23 
952 |a SNK  |b SNK  |y PREZ  |7 0  |p 17A1469103  |o snkOSE 5474 D1  |i snk2021/18247  |8 0  |z prezenčne knihy - hrebeňová väzba  |0 0  |1 0  |4 0  |d 2021-11-15  |l 0  |r 2026-02-23 20:47:50  |w 2026-02-23